Control engineering (Record no. 18785)

MARC details
000 -LEADER
fixed length control field 00591nam a2200205Ia 4500
003 - CONTROL NUMBER IDENTIFIER
control field IN-BaIIA
008 - FIXED-LENGTH DATA ELEMENTS--GENERAL INFORMATION
fixed length control field 211028s9999 xx 000 0 eng d
020 ## - INTERNATIONAL STANDARD BOOK NUMBER
International Standard Book Number 978-81-843-1705-3
040 ## - CATALOGING SOURCE
Transcribing agency IIA Library
080 ## - UNIVERSAL DECIMAL CLASSIFICATION NUMBER
Universal Decimal Classification number 621.337.1
Item number BAK
100 ## - MAIN ENTRY--PERSONAL NAME
Personal name Bakshi, U. A
9 (RLIN) 35939
245 #0 - TITLE STATEMENT
Title Control engineering
Statement of responsibility, etc. U.A. Bakshi and V. U. Bakshi
260 ## - PUBLICATION, DISTRIBUTION, ETC.
Place of publication, distribution, etc. Pune
Name of publisher, distributor, etc. Technical Publications
Date of publication, distribution, etc. 2012
300 ## - PHYSICAL DESCRIPTION
Extent [various pagings.]
650 ## - SUBJECT ADDED ENTRY--TOPICAL TERM
Topical term or geographic name entry element Closed loop systems
9 (RLIN) 35940
650 ## - SUBJECT ADDED ENTRY--TOPICAL TERM
Topical term or geographic name entry element Open loop systems
9 (RLIN) 35941
650 ## - SUBJECT ADDED ENTRY--TOPICAL TERM
Topical term or geographic name entry element Transfer functions
9 (RLIN) 35942
700 ## - ADDED ENTRY--PERSONAL NAME
Personal name Bakshi, V. U
9 (RLIN) 35943
942 ## - ADDED ENTRY ELEMENTS (KOHA)
Koha item type Books
Holdings
Withdrawn status Lost status Damaged status Not for loan Home library Current library Shelving location Date acquired Source of acquisition Cost, normal purchase price Total Checkouts Full call number Barcode Date last seen Cost, replacement price Price effective from Koha item type Purchase Price
        IIA Library-Bangalore IIA Library-Bangalore General Stacks 05/09/2013 ANJ 425.00   621.337.1/ BAK 19707 05/11/2021 425.00 05/09/2013 Books Rs. 425.00

Powered by Koha